000 00220nam a22000857a 4500
008 161210b xxu||||| |||| 00| 0 eng d
100 _91989
_aChhahra.T.N.etal.
245 _aBusiness Studies-XII
260 _aNew Delhi
_bAPC
_c2011
999 _c4803
_d4803